Cómo ser un emprendedor exitoso (Registro nro. 2257)
[ vista simple ]
| 000 -CABECERA | |
|---|---|
| campo de control de longitud fija | 01213aam a2200421 4500 |
| 005 - FECHA Y HORA DE ACTUALIZACIÓN | |
| campo de control | 20220819155243.0 |
| 008 - LONGITUD FIJA | |
| campo de control de longitud fija | 150526b xxu||||| |||| 00| 0 spa d |
| 041 ## - IDIOMA | |
| Código de idioma del texto/pista de sonido o título separado | |
| 082 ## - CLASIFICACIÓN DECIMAL DEWEY | |
| Número de clasificación | 658.022 K92c |
| 100 ## - AUTOR PERSONAL | |
| Nombre de persona | Kreimer, Nataniel |
| 245 ## - TÍTULO PROPIAMENTE DICHO | |
| Título | Cómo ser un emprendedor exitoso |
| 260 ## - PIE DE IMPRENTA | |
| Lugar de publicación, distribución, etc. | Argentina |
| Nombre del editor, distribuidor, etc. | Cultura Librera Americana |
| Fecha de publicación, distribución, etc. | 2006 |
| 300 ## - DESCRIPCIÓN FÍSICA | |
| Extensión | 392 páginas |
| 505 ## - Nota de Contenido | |
| Nota de contenido | Contiene disco compacto N° 541 |
| 650 ## - Materia General | |
| Materia general | PEQUEÑA EMPRESA |
| 650 ## - Materia General | |
| Materia general | MEDIANA EMPRESA |
| 650 ## - Materia General | |
| Materia general | MERCADO |
| 650 ## - Materia General | |
| Materia general | ECONOMIA |
| 650 ## - Materia General | |
| Materia general | CLIENTES |
| 650 ## - Materia General | |
| Materia general | IDEAS DE NEGOCIOS |
| 650 ## - Materia General | |
| Materia general | RIESGOS |
| 650 ## - Materia General | |
| Materia general | FACTORES ECONÓMICOS |
| 650 ## - Materia General | |
| Materia general | MISIÓN |
| 650 ## - Materia General | |
| Materia general | VISIÓN |
| 650 ## - Materia General | |
| Materia general | METAS |
| 650 ## - Materia General | |
| Materia general | OBJETIVOS |
| 650 ## - Materia General | |
| Materia general | SEGMENTACIÓN DE MERCADO |
| 650 ## - Materia General | |
| Materia general | PRODUCTO |
| 650 ## - Materia General | |
| Materia general | COSTOS FIJOS |
| 650 ## - Materia General | |
| Materia general | COSTOS VARIABLES |
| 650 ## - Materia General | |
| Materia general | TOMA DE DECISIONES |
| 650 ## - Materia General | |
| Materia general | PUBLICIDAD |
| 650 ## - Materia General | |
| Materia general | CANALES DE DISTRIBUCIÓN |
| 650 ## - Materia General | |
| Materia general | MERCADOTECNIA |
| 650 ## - Materia General | |
| Materia general | FODA |
| 650 ## - Materia General | |
| Materia general | MANEJO DE PERSONAL |
| 942 ## - Punto de Acceso Adicional Koha | |
| Tipo de ítem Koha | Libro |
| Estado perdido | Estado dañado | No para préstamo | Biblioteca permanente | Biblioteca actual | Signatura completa | Código de barras | Precio efectivo a partir del | Tipo de ítem | Estado retirado | Fuente de clasificación o esquema de estantería |
|---|---|---|---|---|---|---|---|---|---|---|
| Departamento de Biblioteca y Documentación Alfonso Chase Brenes | Departamento de Biblioteca y Documentación Alfonso Chase Brenes | 658.022 K92c | 15049 | 08/09/2016 | Libro | |||||
| Dañado | Departamento de Biblioteca y Documentación Alfonso Chase Brenes | Departamento de Biblioteca y Documentación Alfonso Chase Brenes | 658.022 K92c | 541DC | 22/10/2019 | Disco Compacto | Retirado | Dewey Decimal Classification |